[Event "Florianopolis op 9th"]
[Site "Florianopolis"]
[Date "2023.01.24"]
[Round "2"]
[White "Vieira, Luiza Lessing"]
[Black "Passos Coutinho, Eduardo"]
[Result "0-1"]
[WhiteElo "1231"]
[BlackElo "1630"]
[PlyCount "80"]
[EventDate "2023.01.23"]
[EventType "swiss"]
[EventRounds "10"]
[EventCountry "BRA"]
[SourceTitle "CBM 212 Extra"]
[Source "ChessBase"]
[SourceDate "2023.03.31"]
[SourceVersion "1"]
[SourceVersionDate "2023.03.31"]
[SourceQuality "1"]

1. d4 Nf6 2. c4 c5 3. d5 b5 4. cxb5 a6 5. e3 g6 6. Nc3 Bg7 7. Nf3 0-0 8. Bc4 d6 9. 0-0 axb5 10. Bxb5 Qb6 11. Ba4 Bd7 12. Bb3 Na6 13. e4 Rfc8 14. e5 dxe5 15. Nxe5 Be8 16. Re1 Qb4 17. a3 Qb7 18. Bf4 Nc7 19. Re2 Nb5 20. Nxb5 Qxb5 21. Bc4 Qb7 22. f3 Rd8 23. Rd2 Nh5 24. g3 Nxf4 25. gxf4 Rd6 26. Rb1 Bh6 27. Nd3 Qc7 28. Qe1 Rf6 29. Qe4 Ra4 30. Rg2 Bxf4 31. b3 Rxa3 32. Qe2 Bd6 33. h4 Qd7 34. h5 Qf5 35. hxg6 Rxg6 36. Rf1 Qh5 37. Rff2 Ra1+ 38. Ne1 Qh2+ 39. Kf1 Qh1+ 40. Rg1 Qxg1# 0-1

[Event "Sao Bento do Sul op"]
[Site "Sao Bento do Sul"]
[Date "2019.08.25"]
[Round "7"]
[White "Darcanal, Emanuele1111"]
[Black "Vieira, Luiza Lessing"]
[Result "1-0"]
[WhiteElo "1071"]
[BlackElo "1087"]
[PlyCount "80"]
[EventDate "2019.08.23"]
[EventType "swiss"]
[EventRounds "7"]
[EventCountry "BRA"]
[SourceTitle "EXT 2020"]
[Source "ChessBase"]
[SourceDate "2019.10.17"]
[SourceVersion "1"]
[SourceVersionDate "2019.10.17"]
[SourceQuality "1"]

1. d4 d5 2. Bf4 Nf6 3. Nf3 Bf5 4. e3 c6 5. Bd3 Bxd3 6. Qxd3 e6 7. 0-0 Be7 8. c4 0-0 9. b3 Nbd7 10. Nc3 a6 11. Rfe1 b5 12. c5 Nh5 13. Be5 Nxe5 14. Nxe5 Rc8 15. a4 b4 16. Na2 Qa5 17. g3 f6 18. Nf3 g6 19. e4 Qd8 20. Nxb4 a5 21. Na2 e5 22. exd5 cxd5 23. dxe5 fxe5 24. Nxe5 Bxc5 25. Rac1 Qb6 26. Qxd5+ Kh8 27. Re2 Nf6 28. Qd3 Ba3 29. Rxc8 Rxc8 30. Qb5 Qxb5 31. axb5 Rb8 32. Nc3 Bb4 33. Ne4 Nxe4 34. Rxe4 Ba3 35. Ra4 Bb4 36. Nc6 Rxb5 37. Nxb4 axb4 38. Kg2 h5 39. Kf3 g5 40. Ke3 Kg7 1-0

[Event "Sao Bento do Sul op 07"]
[Site "Sao Bento do Sul"]
[Date "2019.07.12"]
[Round "1"]
[White "Vieira, Luiza Lessing"]
[Black "Mezzon, Joao Paulo Jaguszes"]
[Result "0-1"]
[WhiteElo "1135"]
[BlackElo "1574"]
[PlyCount "54"]
[EventDate "2019.07.12"]
[EventType "swiss"]
[EventRounds "7"]
[EventCountry "BRA"]
[SourceTitle "CBM 195 Extra"]
[Source "ChessBase"]
[SourceDate "2020.05.31"]
[SourceVersion "1"]
[SourceVersionDate "2020.05.31"]
[SourceQuality "1"]

1. d4 Nf6 2. c4 e6 3. Nc3 c5 4. Nf3 Nc6 5. Bf4 b6 6. e3 Bb7 7. Bd3 d6 8. 0-0 Be7 9. h3 0-0 10. Bc2 cxd4 11. Qd3 dxc3 12. Ng5 g6 13. bxc3 Nh5 14. Nf3 Nxf4 15. exf4 Bf6 16. Rad1 Bg7 17. Qe2 Qc7 18. Rd2 Rad8 19. Rfd1 Ne7 20. Bb3 d5 21. Ng5 dxc4 22. Rxd8 Rxd8 23. Rxd8+ Qxd8 24. Bxc4 Bd5 25. Bd3 Nf5 26. g4 Ne7 27. Qd2 Bc4 0-1